Hóa học hữu cơ
Sách nêu lên những khái niệm, những quy luật cơ bản của hóa học hữu cơ như lý thuyết về hợp chất chứa nitơ; các hợp chất dị vòng; hyđroxicacbonyl và gluxit; amino axit- protein; hợp chất cao phân tử ( Polime)...
Đã lưu trong:
| Định dạng: | Sách |
|---|---|
| Ngôn ngữ: | Undetermined |
| Được phát hành: |
Hà Nội
Giáo dục
2006
|
| Những chủ đề: | |
| Các nhãn: |
Thêm thẻ
Không có thẻ, Là người đầu tiên thẻ bản ghi này!
|
| Thư viện lưu trữ: | Trung tâm Học liệu Trường Đại học Cần Thơ |
|---|
| LEADER | 00822nam a2200193Ia 4500 | ||
|---|---|---|---|
| 001 | CTU_103791 | ||
| 008 | 210402s9999 xx 000 0 und d | ||
| 020 | |c 49700 | ||
| 082 | |a 547 | ||
| 082 | |b R106/T.3 | ||
| 245 | 0 | |a Hóa học hữu cơ | |
| 245 | 0 | |c Đỗ Đình Rãng ( Chủ biên ) ... [et al.] | |
| 260 | |a Hà Nội | ||
| 260 | |b Giáo dục | ||
| 260 | |c 2006 | ||
| 520 | |a Sách nêu lên những khái niệm, những quy luật cơ bản của hóa học hữu cơ như lý thuyết về hợp chất chứa nitơ; các hợp chất dị vòng; hyđroxicacbonyl và gluxit; amino axit- protein; hợp chất cao phân tử ( Polime) | ||
| 650 | |a Chemistry, organic | ||
| 904 | |i M.Loan | ||
| 980 | |a Trung tâm Học liệu Trường Đại học Cần Thơ | ||